000 005020000a22001810004500
041 0 _aSPA
082 0 4 _aG 658.15 P3728p
100 1 _aPeláez A., Pedro S.
245 1 0 _aLos presupuestos por áreas de responsabilidad / Pedro S. Peláez A
260 _aMéxico : Ed. Contables y Administrativas
300 _a86 Pag
650 1 4 _aADMINISTRACION
001 12984
942 _cBK
999 _c41986
_d41986
336 _atexto
_btxt
_2rdacontent
337 _2rdamedia
_asin mediación
_bn
338 _2rdacarrier
_avolumen
_bnc